Normal view
MARC view
Entry Personal Name
001 - CONTROL NUMBER
- control field: 49536
003 - CONTROL NUMBER IDENTIFIER
- control field: dpl
005 - DATE AND TIME OF LATEST TRANSACTION
- control field: 20120626113844.0
008 - FIXED-LENGTH DATA ELEMENTS
- fixed length control field: 120626|||a|||||| | ||| d
040 ## - CATALOGING SOURCE
- Original cataloging agency: dpl
- Transcribing agency: dpl
100 ## - HEADING--PERSONAL NAME
- Personal name: रंजन, सी.
670 ## - SOURCE DATA FOUND
- Source citation: Work cat.: (dpl): रंजन, सी., विज्ञान परिचय/, 2012
670 ## - SOURCE DATA FOUND
- Source citation: Work cat.: (dpl): रंजन, सी., विज्ञान परिचय/, 2012
